Jewelry through the ages
Illustrated with 400 pictures, over half of them in colour, this book covers the whole range of jewelry through the ages. It includes not only the history of jewelry in Europe, but also India, Africa, Pre-Columbia America and China
Enregistré dans:
| Auteur principal: | |
|---|---|
| Format: | Livre |
| Langue: | Undetermined |
| Publié: |
London
Hamlyn
1969
|
| Sujets: | |
| Tags: |
Ajouter un tag
Pas de tags, Soyez le premier à ajouter un tag!
|
| Thư viện lưu trữ: | Trung tâm Học liệu Trường Đại học Cần Thơ |
|---|
| LEADER | 00828nam a2200205Ia 4500 | ||
|---|---|---|---|
| 001 | CTU_104847 | ||
| 008 | 210402s9999 xx 000 0 und d | ||
| 082 | |a 739.27 | ||
| 082 | |b G821 | ||
| 100 | |a Gregorietti, Guido | ||
| 245 | 0 | |a Jewelry through the ages | |
| 245 | 0 | |c Guido Gregorietti ; Foreword by Erich Steingräber. Translated from the Italian by Helen Lawrence | |
| 260 | |a London | ||
| 260 | |b Hamlyn | ||
| 260 | |c 1969 | ||
| 520 | |a Illustrated with 400 pictures, over half of them in colour, this book covers the whole range of jewelry through the ages. It includes not only the history of jewelry in Europe, but also India, Africa, Pre-Columbia America and China | ||
| 650 | |a Jewelry,Đồ trang sức | ||
| 650 | |x History | ||
| 904 | |i M.Loan | ||
| 980 | |a Trung tâm Học liệu Trường Đại học Cần Thơ | ||